[Event "Olympiad-42"]
[Site "Baku"]
[Date "2016.09.13"]
[Round "11.1"]
[White "Mctigue, James"]
[Black "Sanon, Mondoly"]
[Result "0-1"]
[WhiteElo "2205"]
[BlackElo "2036"]
[PlyCount "54"]
[EventDate "2016.09.02"]
[EventType "team-swiss"]
[EventRounds "11"]
[EventCountry "AZE"]
[SourceTitle "CBM 175"]
[Source "ChessBase"]
[SourceDate "2016.11.10"]
[SourceVersion "1"]
[SourceVersionDate "2016.11.10"]
[SourceQuality "1"]
[WhiteTeam "US Virgin Islands"]
[BlackTeam "Haiti"]
[WhiteTeamCountry "ISV"]
[BlackTeamCountry "HAI"]

1. e4 c5 2. c3 Nc6 3. d4 cxd4 4. cxd4 d5 5. exd5 Qxd5 6. Nf3 Bg4 7. Be2 e5 8. Nxe5 Bxe2 9. Qxe2 Nxd4 10. Nc3 Bb4 11. Qd1 Bxc3+ 12. bxc3 Qxe5+ 13. Be3 Nc6 14. Qb3 Nge7 15. 0-0 0-0 16. Rfe1 Qc7 17. Rab1 b6 18. Qc4 Ng6 19. h4 Rac8 20. h5 Nge5 21. Qh4 h6 22. Qg3 Nd3 23. Qxc7 Rxc7 24. Red1 Nde5 25. Rb5 Rd7 26. Re1 Rfd8 27. Re2 Rd1+ 0-1

[Event "Olympiad-42"]
[Site "Baku"]
[Date "2016.09.11"]
[Round "9.1"]
[White "Sanon, Mondoly"]
[Black "Beraki, Kibrom Weldegebriel"]
[Result "1-0"]
[WhiteElo "2036"]
[BlackElo "1760"]
[PlyCount "156"]
[EventDate "2016.09.02"]
[EventType "team-swiss"]
[EventRounds "11"]
[EventCountry "AZE"]
[SourceTitle "CBM 175"]
[Source "ChessBase"]
[SourceDate "2016.11.10"]
[SourceVersion "1"]
[SourceVersionDate "2016.11.10"]
[SourceQuality "1"]
[WhiteTeam "Haiti"]
[BlackTeam "Eritrea"]
[WhiteTeamCountry "HAI"]
[BlackTeamCountry "ERI"]

1. d4 Nf6 2. c4 c5 3. e3 g6 4. Nc3 Bg7 5. d5 d6 6. Nf3 Bf5 7. Bd3 Bxd3 8. Qxd3 Nbd7 9. 0-0 0-0 10. e4 a6 11. Bd2 Rb8 12. a4 Ng4 13. h3 Nge5 14. Nxe5 Nxe5 15. Qe2 Qb6 16. f4 Nd7 17. a5 Qd8 18. Na4 Bd4+ 19. Kh1 Nf6 20. Bc3 Nh5 21. Kh2 Bxc3 22. Nxc3 e6 23. g4 Ng7 24. e5 f5 25. g5 dxe5 26. Qxe5 exd5 27. Nxd5 Kh8 28. Rfe1 Re8 29. Qc3 Qd6 30. Rad1 Re4 31. Kg3 Rbe8 32. Rxe4 Rxe4 33. Qf6 Re6 34. Qc3 Re4 35. Qf6 Re6 36. Qc3 Qd7 37. Rd2 Qe8 38. Rd3 Qb8 39. Nf6 Re7 40. Rd5 Qc7 41. h4 Qb8 42. Rxc5 Qd8 43. Rd5 Qf8 44. h5 Ne6 45. hxg6 hxg6 46. Rd7 Rxd7 47. Nxd7+ Qg7 48. Qxg7+ Kxg7 49. b4 Nd4 50. Ne5 Nb3 51. Kf2 Nd4 52. Nd3 Kf7 53. Ke3 Nc2+ 54. Kd2 Nd4 55. Ne5+ Kg7 56. Kd3 Ne6 57. Ke3 Kh7 58. Nd7 Kg7 59. Nc5 Nxc5 60. bxc5 Kf7 61. Kd4 Ke8 62. Ke5 Ke7 63. Kd5 Kd7 64. c6+ bxc6+ 65. Ke5 Kc7 66. c5 Kd7 67. Kf6 Ke8 68. Kxg6 Ke7 69. Kxf5 Kf7 70. g6+ Kg7 71. Kg5 Kg8 72. f5 Kg7 73. f6+ Kg8 74. f7+ Kg7 75. Kf5 Kf8 76. Ke6 Kg7 77. Ke7 Kxg6 78. f8Q Kh7 1-0

[Event "Francophone-ch 3rd"]
[Site "Montreal"]
[Date "2015.07.23"]
[Round "7"]
[White "Sanon, Mondoly"]
[Black "Mona, Khaled"]
[Result "1-0"]
[WhiteElo "2007"]
[BlackElo "2184"]
[PlyCount "89"]
[EventDate "2015.07.17"]
[EventType "swiss"]
[EventRounds "9"]
[EventCountry "CAN"]
[SourceTitle "EXT 2016"]
[Source "ChessBase"]
[SourceDate "2015.10.08"]
[SourceVersion "1"]
[SourceVersionDate "2015.10.08"]
[SourceQuality "1"]

1. e4 e5 2. Nf3 Nc6 3. d4 exd4 4. Nxd4 Bc5 5. Nb3 Bb6 6. Bd3 Nf6 7. 0-0 d6 8. Nc3 Bg4 9. Qe1 0-0 10. Be3 Ne5 11. f3 Bd7 12. Bxb6 axb6 13. f4 Nxd3 14. cxd3 c5 15. Qg3 Bc6 16. Nd2 Re8 17. Nf3 Qd7 18. h3 c4 19. Nh4 cxd3 20. Nf5 g6 21. Nh6+ Kg7 22. Qh4 Nxe4 23. f5 Qe7 24. f6+ Nxf6 25. Rae1 Qd8 26. Nxf7 Rxe1 27. Nxd8 Rxf1+ 28. Kxf1 Rxd8 29. Qd4 d5 30. g4 g5 31. Qxd3 h6 32. Ne2 Rf8 33. Kg1 Ne4 34. Nd4 Re8 35. Nf5+ Kg6 36. Qd4 Nf6 37. Qxb6 Re4 38. Qd8 Nxg4 39. Ne7+ Kf7 40. Nxc6 bxc6 41. Qd7+ Kg6 42. hxg4 Rd4 43. Kf2 Rd2+ 44. Ke3 Rxb2 45. Qf5+ 1-0

[Event "Olympiad-41"]
[Site "Tromsoe"]
[Date "2014.08.11"]
[Round "9.1"]
[White "Banlock, Benjamin Didier"]
[Black "Sanon, Mondoly"]
[Result "1-0"]
[WhiteElo "2054"]
[BlackElo "2012"]
[PlyCount "143"]
[EventDate "2014.08.02"]
[EventType "team-swiss"]
[EventRounds "11"]
[EventCountry "NOR"]
[SourceTitle "CBM 162"]
[Source "ChessBase"]
[SourceDate "2014.09.17"]
[SourceVersion "1"]
[SourceVersionDate "2014.09.17"]
[SourceQuality "1"]
[WhiteTeam "Cameroon"]
[BlackTeam "Haiti"]
[WhiteTeamCountry "CAM"]
[BlackTeamCountry "HAI"]

1. d4 d5 2. Nf3 Bf5 3. Nc3 e6 4. Bf4 Bd6 5. Bxd6 Qxd6 6. Qd2 Ne7 7. Ne5 Nd7 8. g4 Bg6 9. Nxg6 Nxg6 10. e3 Nh4 11. Qe2 e5 12. dxe5 Qxe5 13. 0-0-0 c6 14. f4 Qe7 15. e4 dxe4 16. Qxe4 Qxe4 17. Nxe4 Rf8 18. Nd6+ Kd8 19. Nxb7+ Kc7 20. Nd6 Ng6 21. Bc4 Nxf4 22. Rhe1 Ng6 23. Bxf7 Nde5 24. Bxg6 Nxg6 25. Nf5 Rf7 26. Rd4 Rd8 27. Rc4 Rd5 28. b4 Ne5 29. Rce4 Nxg4 30. Ne7 Rd7 31. Nxc6 Kxc6 32. Rxg4 Rf2 33. a4 Rxh2 34. Rc4+ Kb7 35. a5 Rhd2 36. Rg4 g6 37. Rh1 Ka6 38. Kb2 Rc7 39. Rc1 Rf7 40. Kb3 Rd6 41. Re1 Rf3+ 42. Ka4 Rf7 43. Re8 Kb7 44. b5 a6 45. c4 axb5+ 46. cxb5 h5 47. Rc4 g5 48. a6+ Kb6 49. Rb8+ Ka7 50. Rh8 Rd1 51. Rxh5 Ra1+ 52. Kb4 Rb1+ 53. Ka5 Ra1+ 54. Ra4 Rxa4+ 55. Kxa4 Kb6 56. Rh6+ Ka7 57. Rg6 Rf5 58. Ka5 Re5 59. Rg7+ Ka8 60. Kb6 Re6+ 61. Kc5 Re5+ 62. Kc6 Re8 63. b6 g4 64. Rxg4 Re6+ 65. Kc7 Re8 66. b7+ Ka7 67. Rd4 Rh8 68. Rd8 Rh7+ 69. Kd6 Rh6+ 70. Ke5 Rh5+ 71. Kf4 Rb5 72. Ra8+ 1-0

[Event "Olympiad-41"]
[Site "Tromsoe"]
[Date "2014.08.02"]
[Round "1.1"]
[White "Gonzalez Acosta, Bernal Manuel"]
[Black "Sanon, Mondoly"]
[Result "1-0"]
[WhiteElo "2469"]
[BlackElo "2012"]
[PlyCount "124"]
[EventDate "2014.08.02"]
[EventType "team-swiss"]
[EventRounds "11"]
[EventCountry "NOR"]
[SourceTitle "CBM 162"]
[Source "ChessBase"]
[SourceDate "2014.09.17"]
[SourceVersion "1"]
[SourceVersionDate "2014.09.17"]
[SourceQuality "1"]
[WhiteTeam "Costa Rica"]
[BlackTeam "Haiti"]
[WhiteTeamCountry "CRI"]
[BlackTeamCountry "HAI"]

1. d4 d5 2. c4 e6 3. Nf3 c6 4. g3 Nf6 5. Bg2 Nbd7 6. Qc2 Bb4+ 7. Bd2 Bxd2+ 8. Nbxd2 0-0 9. 0-0 Nb6 10. b3 Nbd7 11. e4 dxe4 12. Nxe4 Nxe4 13. Qxe4 Nf6 14. Qe3 Qc7 15. Ne5 Bd7 16. Rfd1 Rad8 17. h3 Bc8 18. a4 a6 19. Kh2 Ne8 20. Rac1 f6 21. Nd3 Nd6 22. d5 Nf5 23. Qc5 e5 24. dxc6 b6 25. Qa3 Nd4 26. Nb4 Kh8 27. c5 b5 28. axb5 axb5 29. Ra1 Qf7 30. Qb2 Qh5 31. Qc3 Be6 32. Nc2 Nxb3 33. Rxd8 Rxd8 34. c7 Rg8 35. Ra7 Qf5 36. Ra6 Bf7 37. Ra3 Qe6 38. Bb7 Qf5 39. Rxb3 Qxf2+ 40. Bg2 Bxb3 41. Qxb3 Qxc5 42. Ne3 Qxc7 43. Qxb5 Rb8 44. Qa4 Qf7 45. Nc4 g5 46. Qc6 Rd8 47. Be4 Rd4 48. Nd6 Rd2+ 49. Bg2 Qe6 50. Qa8+ Kg7 51. Qb7+ Kg6 52. Ne4 Rd4 53. g4 f5 54. Ng3 f4 55. Qe4+ Kg7 56. Qb7+ Qf7 57. Nh5+ Kf8 58. Qc8+ Ke7 59. Qc7+ Ke6 60. Qb6+ Ke7 61. Qb7+ Ke6 62. Qa6+ Ke7 1-0

[Event "Olympiad-40"]
[Site "Istanbul"]
[Date "2012.09.09"]
[Round "11.1"]
[White "Sanon, Mondoly"]
[Black "Kirby, Peter J"]
[Result "1/2-1/2"]
[WhiteElo "2088"]
[BlackElo "2007"]
[PlyCount "82"]
[EventDate "2012.08.28"]
[EventType "team-swiss"]
[EventRounds "11"]
[EventCountry "TUR"]
[SourceTitle "CBM 151"]
[Source "ChessBase"]
[SourceDate "2012.11.13"]
[SourceVersion "1"]
[SourceVersionDate "2012.11.13"]
[SourceQuality "1"]
[WhiteTeam "Haiti"]
[BlackTeam "Guernsey"]
[WhiteTeamCountry "HAI"]
[BlackTeamCountry "GCI"]

1. e4 c5 2. Nf3 Nc6 3. d4 cxd4 4. Nxd4 g6 5. c3 Bg7 6. Be3 d6 7. Bc4 Nf6 8. f3 0-0 9. Nd2 d5 10. exd5 Nxd5 11. Bxd5 Qxd5 12. Nxc6 Qxc6 13. 0-0 Rd8 14. Qc1 b6 15. Nb3 e5 16. Bh6 Ba6 17. Re1 Bf6 18. Nd2 Rd3 19. Ne4 Bg7 20. Qg5 f6 21. Qh4 Rad8 22. Bxg7 Kxg7 23. Qg3 Bc8 24. Qf2 Bf5 25. Ng3 Be6 26. a3 Rd2 27. Re2 Rxe2 28. Qxe2 Qc5+ 29. Kh1 Bc4 30. Qe1 Qd5 31. h3 f5 32. Kh2 Kf6 33. Nf1 Bxf1 34. Qxf1 Qd2 35. Qb5 Qd5 36. Qa4 Rd7 37. Re1 h6 38. Qh4+ Kg7 39. Qb4 Kf7 40. Qh4 Kg7 41. Qb4 Kf7 1/2-1/2

[Event "Olympiad-40"]
[Site "Istanbul"]
[Date "2012.09.03"]
[Round "6.1"]
[White "Sanon, Mondoly"]
[Black "Eichab, Charles Sidney"]
[Result "1/2-1/2"]
[WhiteElo "2088"]
[BlackElo "2034"]
[PlyCount "83"]
[EventDate "2012.08.28"]
[EventType "team-swiss"]
[EventRounds "11"]
[EventCountry "TUR"]
[SourceTitle "CBM 151"]
[Source "ChessBase"]
[SourceDate "2012.11.13"]
[SourceVersion "1"]
[SourceVersionDate "2012.11.13"]
[SourceQuality "1"]
[WhiteTeam "Haiti"]
[BlackTeam "Namibia"]
[WhiteTeamCountry "HAI"]
[BlackTeamCountry "NAM"]

1. e4 e5 2. Nf3 Nf6 3. d3 Nc6 4. Bg5 Be7 5. Be2 0-0 6. Nc3 d6 7. h3 Be6 8. Qd2 Re8 9. Be3 d5 10. exd5 Nxd5 11. Nxd5 Qxd5 12. a3 Nd4 13. c4 Qd8 14. Nxd4 exd4 15. Bf4 Qd7 16. 0-0 Bf5 17. Bf3 c6 18. Rfe1 Bd6 19. Bxd6 Qxd6 20. Kh1 Qd7 21. Kh2 Rad8 22. Rad1 c5 23. Bd5 b6 24. Re2 Be6 25. Be4 Qd6+ 26. Kg1 f5 27. Bf3 h6 28. Rde1 Bf7 29. Bd5 Rxe2 30. Bxf7+ Kxf7 31. Qxe2 g6 32. b4 Qd7 33. Qd2 Re8 34. Rxe8 Qxe8 35. bxc5 bxc5 36. g3 Qa4 37. Qxh6 Qd1+ 38. Kh2 Qxd3 39. Qh7+ Kf6 40. Qh8+ Kf7 41. Qh7+ Kf6 42. Qh8+ 1/2-1/2